000 01204nam a2200265 i 4500
001 bg
100 1 _aSTYCZEŃ, Marek
245 1 0 _aPodatki i wydatki socjalne jako narzędzia redystrybucji dochodów gospodarstw domowych /
_coprac. cz. I - Marek Styczeń, cz. II - Irena Topińska.
260 _aWarszawa :
_bIPiSS [Instytut Pracy i Spraw Socjalnych],
_c1999.
300 _a128, [1] s. :
_bil. ;
_c30 cm.
490 1 _aOpracowania PBZ,
_x1507-9163 ;
_vnr 4
500 _aProjekt Badawczy "Polityka społeczna państwa w procesie przebudowy ustroju i systemu społeczno-gospodarczego".
504 _aBibliogr.
650 9 _aDochody indywidualne
_xzagadnienia
_zPolska
_yod 1989 r.
650 9 _aPodatek
_xpolityka
_xzagadnienia
_zPolska
_yod 1989 r.
650 9 _aŚwiadczenia społeczne
_xfinanse
_xzagadnienia
_zPolska
_yod 1989 r.
700 1 _aTOPIŃSKA, Irena
830 _aOpracowania PBZ,
_x1507-9163 ;
040 _cBPK
041 0 _apl
080 _a330.567.22:336.22:336.5:369](438)"1989/..."
942 _cKS
008 s pl f |000 0 pol
999 _c42213
_d42213
856 _uhttp://koha.tu.koszalin.pl/cgi-bin/koha/opac-detail.pl?biblionumber=42213
_yKatalog online BPK